How ethnology treats religious issues an example from East-Central Europe /
Elmentve itt :
| Szerző: | |
|---|---|
| Dokumentumtípus: | Könyv része |
| Megjelent: |
2014
|
| Sorozat: | A vallási kultúrakutatás könyvei
Saints, feasts, pilgrimages, confraternities = Heilige, Feste, Wallfahrten, Bruderschaften: selected papers = ausgewählte Schriften |
| Kulcsszavak: | Vallási néprajz - Kelet-Közép Európa |
| Tárgyszavak: | |
| Online Access: | http://acta.bibl.u-szeged.hu/67276 |
| LEADER | 01028naa a2200253 i 4500 | ||
|---|---|---|---|
| 001 | acta67276 | ||
| 005 | 20211124140433.0 | ||
| 008 | 200528s2014 hu o 0|| eng d | ||
| 020 | |a 978-963-306-327-9 | ||
| 022 | |a 2064-4825 | ||
| 040 | |a SZTE Egyetemi Kiadványok Repozitórium |b hun | ||
| 041 | |a eng | ||
| 100 | 1 | |a Barna Gábor | |
| 245 | 1 | 0 | |a How ethnology treats religious issues |h [elektronikus dokumentum] : |b an example from East-Central Europe / |c Barna Gábor |
| 260 | |c 2014 | ||
| 300 | |a 69-80 | ||
| 490 | 0 | |a A vallási kultúrakutatás könyvei | |
| 490 | 0 | |a Saints, feasts, pilgrimages, confraternities = Heilige, Feste, Wallfahrten, Bruderschaften: selected papers = ausgewählte Schriften | |
| 650 | 4 | |a Társadalomtudományok | |
| 650 | 4 | |a Szociológia | |
| 650 | 4 | |a Bölcsészettudományok | |
| 650 | 4 | |a Filozófia, etika és vallástudományok | |
| 695 | |a Vallási néprajz - Kelet-Közép Európa | ||
| 856 | 4 | 0 | |u http://acta.bibl.u-szeged.hu/67276/1/vallasi_kulturakutatas_konyvei_015_069-080.pdf |z Dokumentum-elérés |